| 000 | 00468nam a2200193Ia 4500 | ||
|---|---|---|---|
| 005 | 20240823014955.0 | ||
| 008 | 240823s9999||||xx |||||||||||||| ||und|| | ||
| 020 | _a81-203-2316-5 | ||
| 041 | _aENGLISH | ||
| 082 | _A621.3 P3 | ||
| 100 | _aSmarajit Ghosh | ||
| 245 | 0 | _aElectrical and Electronics Engineering | |
| 250 | _a1st | ||
| 260 |
_c2003 _b"PHI,New Delhi" |
||
| 500 | _aTRANSFERED | ||
| 650 |
_aElectrical _bElectrical |
||
| 942 | _cBK | ||
| 999 |
_c171349 _d171349 |
||